Buďte boží v angličtině
Saved in:
| Main Author | |
|---|---|
| Format | Book |
| Language | Czech English |
| Published |
Praha :
Grada,
2026
|
| Edition | První vydání |
| Subjects | |
| ISBN | 978-80-271-6104-1 |
| Physical Description | 215 stran : barevné ilustrace ; 19 cm |
| LEADER | 00000nam a2200000 i 4500 | ||
|---|---|---|---|
| 001 | 115856 | ||
| 003 | CZ-ZlUTB | ||
| 005 | 20260701093312.0 | ||
| 007 | ta | ||
| 008 | 260519s2026 xr a e f 000 0acze | ||
| 015 | |a cnb003758839 | ||
| 020 | |a 978-80-271-6104-1 |q (brožováno) : |c Kč 399,00 | ||
| 040 | |a BOA001 |b cze |e rda | ||
| 041 | 0 | |a cze |a eng | |
| 043 | |a e-xr--- | ||
| 045 | |a x-y- | ||
| 072 | 7 | |a 811.111 |x Angličtina |2 Konspekt |9 11 | |
| 072 | 7 | |a 929 |x Biografie |2 Konspekt |9 8 | |
| 080 | |a 811.111 |2 MRF | ||
| 080 | |a 81'373 |2 MRF | ||
| 080 | |a 81'373.74 |2 MRF | ||
| 080 | |a 37.011.3-051 |2 MRF | ||
| 080 | |a 929 |2 MRF | ||
| 080 | |a (437.3) |2 MRF | ||
| 080 | |a (0:82-94) |2 MRF | ||
| 080 | |a (035) |2 MRF | ||
| 100 | 1 | |a Provázek, Radek |7 mzk20261298912 |4 aut | |
| 245 | 1 | 0 | |a Buďte boží v angličtině / |c Radek #proveenglish Provázek |
| 250 | |a První vydání | ||
| 264 | 1 | |a Praha : |b Grada, |c 2026 | |
| 300 | |a 215 stran : |b barevné ilustrace ; |c 19 cm | ||
| 336 | |a text |b txt |2 rdacontent | ||
| 337 | |a bez média |b n |2 rdamedia | ||
| 338 | |a svazek |b nc |2 rdacarrier | ||
| 500 | |a Na hřbetu chybný název: Buďte boží v angličtine | ||
| 600 | 1 | 7 | |a Provázek, Radek |7 mzk20261298912 |2 czenas |
| 648 | 7 | |a 20.-21. století |7 ch462155 |2 czenas | |
| 650 | 0 | 7 | |a angličtina |7 ph114056 |2 czenas |
| 650 | 0 | 7 | |a slovní zásoba |7 ph166083 |2 czenas |
| 650 | 0 | 7 | |a fráze |7 ph135256 |2 czenas |
| 650 | 0 | 7 | |a lektoři (vzdělávání) |7 ph122233 |z Česko |y 20.-21. století |2 czenas |
| 650 | 0 | 9 | |a English language |2 eczenas |
| 650 | 0 | 9 | |a vocabulary |2 eczenas |
| 650 | 0 | 9 | |a phrases |2 eczenas |
| 650 | 0 | 9 | |a lectors (education) |z Czechia |y 20th-21st centuries |2 eczenas |
| 655 | 7 | |a příručky |7 fd133209 |2 czenas | |
| 655 | 7 | |a autobiografické vzpomínky |7 fd131854 |2 czenas | |
| 655 | 9 | |a handbooks and manuals |2 eczenas | |
| 655 | 9 | |a autobiographical reminiscences |2 eczenas | |
| 710 | 2 | |a Grada (nakladatelství) |7 kn20080316009 |4 pbl | |
| 910 | |a ZLD002 | ||
| 942 | |2 udc | ||
| 952 | |0 0 |1 0 |4 0 |6 8020PROVÁZEKR |7 -1 |8 BOOK |9 191714 |a UTBZL |b UTBZL |c 006 |d 2026-06-29 |l 0 |o 802.0/PROVÁZEK,R. |p 420010202120 |r 2026-06-29 08:18:34 |v 399.00 |w 2026-06-29 |x N:nákup |y 04 | ||
| 992 | |a BK |b SK | ||
| 999 | |c 115856 |d 115856 | ||